February Dragon / (Record no. 2748)

MARC details
000 -LEADER
fixed length control field 00815pam a2200265 i 4500
001 - CONTROL NUMBER
control field 2748
003 - CONTROL NUMBER IDENTIFIER
control field FISKH
005 - DATE AND TIME OF LATEST TRANSACTION
control field 20240112103134.0
008 - FIXED-LENGTH DATA ELEMENTS--GENERAL INFORMATION
fixed length control field 760512r1966 nyu j 000 1 eng
010 ## - LIBRARY OF CONGRESS CONTROL NUMBER
LC control number 76007879
020 ## - INTERNATIONAL STANDARD BOOK NUMBER
International Standard Book Number 0060260920 :
040 ## - CATALOGING SOURCE
Original cataloging agency DLC
Transcribing agency DLC
Modifying agency DLC
Language of cataloging eng
042 ## - AUTHENTICATION CODE
Authentication code lcac
050 00 - LIBRARY OF CONGRESS CALL NUMBER
Classification number PZ7.T354
Item number Fe4
082 00 - DEWEY DECIMAL CLASSIFICATION NUMBER
Classification number [Fic]
100 1# - MAIN ENTRY--PERSONAL NAME
Personal name Thiele, Colin.
245 10 - TITLE STATEMENT
Title February Dragon /
Statement of responsibility, etc. Colin Thiele.
260 ## - PUBLICATION, DISTRIBUTION, ETC.
Place of publication, distribution, etc. Adelaide :
Name of publisher, distributor, etc. Rigby Limited,
Date of publication, distribution, etc. 1965.
300 ## - PHYSICAL DESCRIPTION
Extent 174 pages :
Dimensions 20 cm
520 ## - SUMMARY, ETC.
Summary, etc. The lives of three Australian children are cruelly affected when a bushfire known as the February Dragon sweeps across the countryside.
650 #1 - SUBJECT ADDED ENTRY--TOPICAL TERM
Topical term or geographic name entry element Forest fires
General subdivision Fiction.
651 #1 - SUBJECT ADDED ENTRY--GEOGRAPHIC NAME
Geographic name Australia
General subdivision Fiction.
906 ## - LOCAL DATA ELEMENT F, LDF (RLIN)
a 7
b cbc
c orignew
d 1
e ocip
f 19
g y-gencatlg
942 ## - ADDED ENTRY ELEMENTS (KOHA)
Source of classification or shelving scheme Dewey Decimal Classification
Koha item type Books
Suppress in OPAC No
Holdings
Withdrawn status Lost status Source of classification or shelving scheme Damaged status Not for loan Collection Home library Current library Shelving location Date acquired Total Checkouts Full call number Barcode Date last seen Price effective from Koha item type
    Dewey Decimal Classification     Fiction Footprints International School Library Network Toul Kork Campus Footprints International School Library Network Toul Kork Campus   01/12/2024   THI Fic PZ7.T354 FISO1034 01/12/2024 01/12/2024 Books